02134nam a22002417a 450000500170000001000190001702000280003603500170006403700130008108200120009410000180010624501060012425000110023026000410024127000530028230001820033549000230051750512950054065000080183565000140184365000170185770000180187420150428142023.0 aENG-112412-424 c500.00 (app.) each vol. aEN-95944-956 bDBAD/PUB a347.052 aManohar, V.R. aThe AIR manual :bunrepealed central acts (civil and criminal) /cby V.R. Manohar [and} W.W. Chitaley a6th ed aNagpurbThe All India Reporterc2004 aPost Box No. 209, Congress NagarbNagpure440118 aV.21-33 (xxii,1342p.; cviii,1325p.; xii,1260p.; xii,1308p.; xix,1388p.; xii,1336p.; xxiv,1300p.; xxiv,1192p.; xvi,1172p.; xvi,976p.; xl,1152p.; xx,1156p.; xii,1144p.)c25cm (Hb) aA.I.R. Publication aV.21- Drugs and cosmetics act (1940) to essential commodities act (1955) Section 3. V.22- Essential commodities act (1955) Section 4 to evidence act (1872) Section 90A (with amending acts, amending principal acts incorporated in vols. 1-20 - see page xiv). V.23- Evidence act (1872) Section 91 to factories act (1948). V.24- Family courts act (1948) to finance act (2011). V.25- Finance commission (miscellaneous provisions) act, 1951(33 of 1951) to Gresham and craven of india (private) limited (acquisition and transfer of undertakings) act, 1977 (42 of 1977). V.26- Guardians and wards act, 1890 to income-tax act 1961 section 9. V.27- Income-tax act, 1961 section 10 to section 138. V.28- Income-tax act, 1961 section 139 to Indira Gandhi national tribal university act, 2007. V.29- Indo-tibetan border police force act, 1992 to Industrial disputes (amendment and miscellaneous provisions) act, 1956. V.30- Industrial disputes (banking and insurance companies)act, 1949 to Lalit Kala Akadami (taking over of management) act, 1997. V.31- Land acquisition (mines) act, 1885 to Limitation act, 1963 article 60. V.32- Limitation act, 1963 article 61 to medical council act, 1956 first schedule. V.33- Medical council act, 1956 first schedule (contd.) to motor transport workers act, 1961. aLaw aCivil law aCriminal law aChitaley, W.W